Apartmány Technik (Univerzitné centrum s ubytovaním)

Salvato in:
Dettagli Bibliografici
Autore principale: Vargovčíková, Dana (Autore)
Altri autori: Kráľová, Eva, 1951- (Relatore della tesi)
Natura: Manoscritto Libro
Lingua:slovacco
Pubblicazione: Bratislava 2015
Soggetti:
Accesso online:http://is.stuba.sk/zp/portal_zp.pl?podrobnosti=93988
Tags: Aggiungi Tag
Nessun Tag, puoi essere il primo ad aggiungerne!!

MARC

LEADER 00000ntm a22000003a 4500
001 stuzp52793
003 SK-STU
005 20210226064944.5
007 ta
008 150427s2015----xo-----f-mn---000-0-slo-d
040 |a STU  |b slo 
041 0 |a slo 
100 1 |a Vargovčíková, Dana  |u 053130  |4 aut  |U FAD Fakulta architektúry  |T FA Ústav dejín a teórie architektúry a obnovy pamiatok  |X 62089  |U A3130  |Y 394  |7 62089 
242 0 1 |a Apartments Technik  |y eng 
245 1 0 |a Apartmány Technik (Univerzitné centrum s ubytovaním) 
260 |c 2015  |a Bratislava 
650 4 |a nadčasovosť  |2 slo 
650 4 |a mestotvornosť  |2 slo 
650 4 |a otvorenosť  |2 slo 
650 4 |a singularity  |2 eng 
650 4 |a public space  |2 eng 
650 4 |a openness  |2 eng 
700 1 |a Kráľová, Eva,  |d 1951-  |4 ths  |X 391  |7 A000000391 
856 4 |u http://is.stuba.sk/zp/portal_zp.pl?podrobnosti=93988  |u https://opac.crzp.sk/?fn=detailBiblioForm&sid=367CD704F5D5570C77E0F8DE3652 
SQL |a stuzp52793  |b DBP  |c SLO  |d Apartmány Technik (Univerzitné centrum s ubytovaním)  |e 62089  |f Vargovčíková, Dana  |g 053130  |h 391  |i Kráľová, Eva  |j 20150612  |k 149  |l 05  |m http://is.stuba.sk/zp/portal_zp.pl?podrobnosti=93988  |n B-AU  |o 5.1.1. architektúra a urbanizmus